LEADER 00650nam a2200193 i 4500 001 000000177443 003 CaOOAMICUS 005 20090204000000.0 008 090204s1943 it u000 u ita u 013 $a154977 040 $aSeMil$bita 245 10$aVolume primo. 300 $aXVI, 382 p. 490 0 $aPoeti di Roma 773 0 $aOvidius Naso, Publius <43 a.C.-17 d.C.>$tMetamorfosi.$dBologna : Zanichelli, 1943.$w()20648 830 0$aPoeti di Roma.$0(OLS)http://semarc/title/8606 850 $aSeMil 852 $aSeMil$W1$xVenegono$y1$m1Z II 162$j128254$B128254$CSeMilBibl$Z2$F139100 $81 996 $6245$aVolume primo$9(OLS)http://semarc/title/17661 LEADER 01030nam a2200265 i 4500 001 000000038624 003 CaOOAMICUS 005 20120406000000.0 008 120406s1970 it u000 u ita u 013 $a9216 040 $aSeMil$bita 100 1 $aBauer, Günther.$0(OLS)http://semarc/name/18560 240 14$aDie Zehn Gebote.$0(OLS)http://semarc/title/54593 245 12$aI dieci comandamenti /$cG. Bauer ... [et al.]. 260 $aBrescia :$bQueriniana,$ccopyr. 1970. 300 $a132 p. ;$c20 cm. 490 0 $aMeditazioni teologiche ;$v42 650 4$aMeditazioni.$0(OLS)http://semarc/subject/1352 650 4$aDecalogo.$0(OLS)http://semarc/subject/1464 830 0$aMeditazioni teologiche ;$v42.$0(OLS)http://semarc/title/202 850 $aSeMil 852 $aSeMil$W1$xVenegono$y1$m2C VII 272$j4779$B4779$CSeMilBibl$Z2$F4779 $81 961 $aOmaggio: Donazione 996 $6245$aI dieci comandamenti$9(OLS)http://semarc/title/114415 996 $6260$aBrescia :$bQueriniana$9(OLS)http://semarc/publisher/29615